| 000 | 00745cas a2200205 a 4500 | ||
|---|---|---|---|
| 005 | 20170629113449.0 | ||
| 008 | 890819c19949999ck qr p r 0 0a0spa d | ||
| 040 |
_ahm _chm _dCO-BoIAVH |
||
| 041 | 0 | _aspa | |
| 090 | _aSE | ||
| 245 | 0 | 0 |
_aCoama / _cConsolidación de la Región Amazónica |
| 260 |
_aSanta Fe de Bogotá (Colombia) : _bCoama, _c1994. |
||
| 300 |
_bilustraciones; _c27 x 21 cm. |
||
| 310 | _az | ||
| 650 | 2 | 6 |
_aPueblos indígenas _xSituación legal _vPublicaciones periódicas |
| 650 | 2 | 6 |
_aPueblos indígenas _xLegislación _vPublicaciones periódicas |
| 650 | 2 | 6 |
_aPrograma social _zAmazonía _vPublicaciones periódicas |
| 710 | 2 | _aConsolidación de la Región Amazónica. | |
| 942 |
_2z _cARTICULO |
||
| 999 |
_c17081 _d17081 |
||